Most Bundesliga Goals By Active Players - Statistics

General Stats
  • This quiz has been taken 57 times
    45 since last reset
  • The average score is 13 of 27
Answer Stats
Goals Club Player % Correct
312 Bayern Munich Robert Lewandowski
100%
156 Dortmund Marco Reus
97%
150 Bayern Munich Thomas Muller
97%
86 Bayern Munich Serge Gnabry
81%
121 Hoffenheim Andrej Kramaric
78%
102 RB Leipzig Timo Werner
72%
50 Bayern Munich Harry Kane
67%
98 Dortmund Pierre-Emerick Aubameyang
67%
64 Bayer Leverkusen Patrik Schick
64%
50 Stuttgart Serhou Guirassy
61%
62 Dortmund Erling Haaland
56%
56 Werder Bremen Niclas Fullkrug
56%
53 Monchengladbach Alassane Plea
53%
67 Bayer Leverkusen Julian Brandt
53%
65 Dortmund Mario Gotze
47%
85 Koln Antony Modeste
42%
66 Wolfsburg Edin Dzeko
42%
70 Koln Lukas Podolski
42%
62 Freiburg Vincenzo Grifo
42%
52 Monchengladbach Jonas Hoffman
28%
56 Frankfurt Andre Silva
25%
58 Augsburg Michael Gregoritsch
22%
80 Bayer Leverkusen Kevin Volland
17%
66 Wolfsburg Wout Weghorst
14%
64 Mainz Eric-Maxim Choupo-Moting
8%
66 Stuttgart Martin Harnik
8%
51 Schalke Daniel Caligiuri
3%
No matching quizzes found
Score Distribution
Percent of People with Each Score
Percentile by Number Answered
Your Score History
You have not taken this quiz since the last reset